000 00603cam a2200205 a 4500
001 3733833
005 20180215071459.0
008 811019s1982 pau c 000 0 eng
010 _a 81018350
020 _a0830614702 (pbk.) :
_c$21.95
040 _aDLC
_cDLC
_dDLC
041 _aeng
080 _a621.3815.2.0216 MAS
082 0 0 _a621.3815.2.0216 MAS
_219
100 _a27
101 _aENG
245 0 4 _aThe Master semiconductor replacement handbook--listed by industry standard number /
_cby Tab editorial staff.
906 _a7
_bcbc
_corignew
_d1
_eocip
_f19
_gy-gencatlg
942 _2ddc
_cBK
999 _c42660
_d42660